000 00362nam a2200145Ia 4500
008 240624s9999 xx 000 0 und d
041 _aeng
082 _a343.03 DHA
100 _aDHAR J L
245 _aPRACTICAL GUIDE TO INDUSTRIAL EMPLOYMENT
250 _a(1999 ed.)
260 _c1999
_aNew Delhi
_bTaxmann
300 _a650 : p. : cm. ; 25
365 _cRS
_b20
999 _c5666
_d5666